Philosophische probleme der modernen physik

Αποθηκεύτηκε σε:
Λεπτομέρειες βιβλιογραφικής εγγραφής
Κύριος συγγραφέας: Mittelstaedt, Peter
Μορφή: Βιβλίο
Γλώσσα:German
Δημοσίευση: Mannheim : Bibliographisches Institut, 1966
Σειρά:B.I.-Hochschultaschenbucher ; ; 50/50a
Θέματα:
Ετικέτες: Προσθήκη ετικέτας
Δεν υπάρχουν, Καταχωρήστε ετικέτα πρώτοι!

MARC

LEADER 00000cam a2200000 i 4500
001 1/103441
008 090327s1966 ger d
035 |l 10104045 
040 |a GR-MY-UA  |b gre  |e aacr 
041 0 |a ger 
082 0 |a 530.01  |2 (22) 
100 1 |a Mittelstaedt, Peter. 
245 1 0 |a Philosophische probleme der modernen physik /  |c Peter Mittelstaedt 
260 |a Mannheim :   |b Bibliographisches Institut,   |c 1966 
300 |a 208 σ.;  |c 19 εκ. 
490 1 |a B.I.-Hochschultaschenbucher  |v ; 50/50a 
504 |a Περιέχει ευρετήριο 
650 0 0 |a Physics  |x Philosophy. 
830 0 |a B.I.-Hochschultaschenbucher ;  |v ; 50/50a 
852 |a INST  |b SAMOS  |c MAG  |e 20090327  |h 530.01 MIT  |p 005300029024  |q 005300029024  |t BK  |y 0 
901 |a BIBL3-2009-1 
909 |a Σ  |b 155928 
970 |a ΡΟΥΣΣΟΥ  |b ΚΩΝΣΤΑΝΤΙΝΑ  |z 2009/03/27